000 00345nam a22001337a 4500
005 20250901165815.0
008 250328b |||||||| |||| 00| 0 eng d
020 _a9789966012654
050 _aPL 8704 .N36 2016
245 _aNjozi ya Machozi
_cSela Mwambu Nambuya
260 _aNairobi:
_bFocus,
_cc2016.
300 _a87 p.:
_c18 cm.
942 _2lcc
999 _c9488
_d9488